000 00654nam a2200193Ia 4500
003 GCL
008 140319s9999 xx 000 0 ara d
040 _aGCL /
_cGCL
082 0 4 _a813.009
_bم ذ
100 1 _aمحمد قطب عبدالعال
245 1 0 _aالذات والموضوع: قراءة فى القصة القصيرة /
_cمحمد قطب عبدالعال
260 _a[S.N] :
_bالهيئة المصرية العامة للكتاب ،
_c1994
300 _a256 ص
490 _aدراسات ادبية
_v0
650 0 4 _aالادب العربى
650 0 4 _aالقصة القصيرة
650 0 4 _aتاريخ ونقد
942 _2ddc
_cBK
999 _c30095
_d30095